| 000 | 01419cam a22003735a 4500 | ||
|---|---|---|---|
| 006 | a||||fr|||| 00| 0 | ||
| 008 | 090226t2004 maua|||frb||| 001 0 eng d | ||
| 010 | _a 2002038057 | ||
| 020 | _a0072470461 | ||
| 020 | _a9780071214968 | ||
| 020 | _a9780073109442 | ||
| 020 | _a003109444 | ||
| 020 | _a9780073109442 | ||
| 020 | _a9780071118811 | ||
| 040 |
_aEG-ScBUE _beng _dEG-ScBUE |
||
| 082 | 0 | 4 |
_a621.815 _bNOR _222 |
| 100 | 1 | _aNorton, Robert L. | |
| 245 | 1 | 0 |
_aDesign of machinery : _ban introduction to the synthesis and analysis of mechanisms and machines / _cRobert L. Norton. |
| 250 | _a3rd ed. | ||
| 260 |
_aNewYork : _bMcGraw-Hill Higher Education, _cc.2004. |
||
| 300 |
_axxii , 858 p. : _bill. ; _c24 cm. _e+ 1 CD-ROM (4 3/4 in.) |
||
| 490 | _aMcGraw-Hill series in mechanical engineering. | ||
| 500 | _aIndex :p.(841-855). | ||
| 504 | _aIncludes bibliographical references. | ||
| 590 | _aMenna Elemam | ||
| 650 | 0 |
_aMachine design-- _2BUEsh. |
|
| 650 | 0 |
_aMachinery, Dynamics of-- _2BUEsh. |
|
| 651 | _2BUEsh | ||
| 653 |
_bENGMEC _cAugust2015 |
||
| 655 |
_aKinematics of Mechanisms- year 1. _vtext book _xEngineering _ySemester 2. 2008/2009 |
||
| 856 | 4 | 2 |
_3Publisher description _uhttp://www.loc.gov/catdir/enhancements/fy0668/2002038057-d.html |
| 856 | 4 | 2 |
_3Table of contents only _uhttp://www.loc.gov/catdir/enhancements/fy0668/2002038057-t.html |
| 942 |
_cTB _k621.815NOR _2ddc |
||
| 999 |
_c2369 _d2369 |
||